<?xml version="1.0" encoding="UTF-8"?>
<collection xmlns="http://www.loc.gov/MARC21/slim">
 <record>
  <leader>01143nam a22002057a 4500</leader>
  <controlfield tag="001">NCT_4_003401</controlfield>
  <controlfield tag="008">240115b        xxu||||| |||| 00| 0 vie d</controlfield>
  <datafield tag="999" ind1=" " ind2=" ">
   <subfield code="c">8042</subfield>
   <subfield code="d">8042</subfield>
  </datafield>
  <datafield tag="020" ind1=" " ind2=" ">
   <subfield code="c">5000</subfield>
  </datafield>
  <datafield tag="082" ind1="0" ind2="4">
   <subfield code="2">23rd ed.</subfield>
   <subfield code="a">741.5</subfield>
   <subfield code="b">O22/T.19</subfield>
  </datafield>
  <datafield tag="100" ind1="1" ind2=" ">
   <subfield code="a">Eiichiro, Oda</subfield>
  </datafield>
  <datafield tag="245" ind1="1" ind2="0">
   <subfield code="a">One Piece :</subfield>
   <subfield code="b">Truyện tranh </subfield>
   <subfield code="n">Tập 19</subfield>
   <subfield code="p">Phản loạn</subfield>
   <subfield code="c">Eiichiro Oda ; Huyền Trang (dịch)</subfield>
  </datafield>
  <datafield tag="260" ind1=" " ind2=" ">
   <subfield code="a">H.</subfield>
   <subfield code="b">Kim Đồng</subfield>
   <subfield code="c">2014</subfield>
  </datafield>
  <datafield tag="300" ind1=" " ind2=" ">
   <subfield code="a">203 tr.</subfield>
   <subfield code="b">Tranh vẽ</subfield>
   <subfield code="c">18cm</subfield>
  </datafield>
  <datafield tag="520" ind1="3" ind2=" ">
   <subfield code="a">Câu chuyện kể về hành trình tìm kiếm One Piece - kho báu vĩ đại nhất trên thế giới của Luffy và các thuyền viên của mình. Khi còn nhỏ, Luffy ước mơ trở thành Vua Hải Tặc. Cuộc sống của cậu bé thay đổi khi cậu vô tình ăn phải trái ác quỷ Gomu Gomu no Mi. </subfield>
  </datafield>
  <datafield tag="653" ind1=" " ind2=" ">
   <subfield code="a">Tham khảo</subfield>
  </datafield>
  <datafield tag="700" ind1="0" ind2=" ">
   <subfield code="a">Huyền Trang</subfield>
   <subfield code="e">Dịch</subfield>
  </datafield>
  <datafield tag="942" ind1=" " ind2=" ">
   <subfield code="2">ddc</subfield>
   <subfield code="c">BK</subfield>
  </datafield>
  <datafield tag="952" ind1=" " ind2=" ">
   <subfield code="0">0</subfield>
   <subfield code="1">0</subfield>
   <subfield code="2">ddc</subfield>
   <subfield code="4">0</subfield>
   <subfield code="6">741_500000000000000_O22_T_19</subfield>
   <subfield code="7">0</subfield>
   <subfield code="9">28425</subfield>
   <subfield code="a">000001</subfield>
   <subfield code="b">000001</subfield>
   <subfield code="d">2024-02-20</subfield>
   <subfield code="o">741.5 O22/T.19</subfield>
   <subfield code="p">TK.03904</subfield>
   <subfield code="r">2024-02-20</subfield>
   <subfield code="v">5000.00</subfield>
   <subfield code="w">2024-02-20</subfield>
   <subfield code="y">BK</subfield>
  </datafield>
  <datafield tag="980" ind1=" " ind2=" ">
   <subfield code="a">Thư viện Trường Đại học Nam Cần Thơ</subfield>
  </datafield>
 </record>
</collection>
